000 00322nam a2200133Ia 4500
005 20260328104322.0
008 260328s9999||||xx |||||||||||||| ||und||
100 _aWujec, Tom
245 4 _aThe Future of Making /
_cTom Wujec
260 _bMelcher Media
300 _a320 p.
650 _aDISEÑO INDUSTRIAL
942 _cBK
999 _c11397
_d11397